[Event "BL2 Ost 0809 (Women)"]
[Site "Germany"]
[Date "2008.12.07"]
[Round "4.5"]
[White "Bade, Heidrun"]
[Black "Koeditz, Katja"]
[Result "0-1"]
[WhiteElo "1958"]
[BlackElo "1774"]
[PlyCount "86"]
[EventDate "2008.11.08"]
[EventType "team-tourn"]
[EventRounds "7"]
[EventCountry "GER"]
[SourceTitle "EXT 2010"]
[Source "ChessBase"]
[SourceDate "2010.11.25"]
[SourceVersion "1"]
[SourceVersionDate "2010.11.25"]
[SourceQuality "1"]
[WhiteTeam "Potsdam (W)"]
[BlackTeam "Leipzig Lindenau (W)"]
[WhiteTeamCountry "GER"]
[BlackTeamCountry "GER"]

1. e4 Nf6 2. e5 Nd5 3. d4 d6 4. Nf3 Bg4 5. Be2 e6 6. 0-0 Be7 7. c4 Nb6 8. b3 Nc6 9. Bb2 dxe5 10. Nxe5 Bxe2 11. Nxc6 Bxd1 12. Nxd8 Rxd8 13. Rxd1 Bf6 14. Na3 a6 15. Nc2 0-0 16. Kf1 Rd7 17. Ke2 Rfd8 18. Rab1 Nc8 19. f4 h5 20. h3 c5 21. Rd3 Ne7 22. Ba3 cxd4 23. Rbd1 Ng6 24. g3 h4 25. Kf2 hxg3+ 26. Kxg3 Bh4+ 27. Kf3 e5 28. f5 e4+ 29. Kxe4 Re8+ 30. Kf3 Ne5+ 31. Ke4 Nxd3+ 32. Kxd3 Bg5 33. Rf1 Re5 34. Rf3 Bf6 35. Rf2 Re3+ 36. Nxe3 dxe3+ 37. Kxe3 Bd4+ 38. Kf3 Bxf2 39. Kxf2 Rd2+ 40. Kg3 Rxa2 41. Bd6 Rb2 42. b4 Rc2 43. c5 Rc4 0-1

[Event "BL2 Ost 0809 (Women)"]
[Site "Germany"]
[Date "2008.11.09"]
[Round "2.3"]
[White "Koeditz, Katja"]
[Black "Mucha, Annegret"]
[Result "1/2-1/2"]
[WhiteElo "1774"]
[BlackElo "1965"]
[PlyCount "77"]
[EventDate "2008.11.08"]
[EventType "team-tourn"]
[EventRounds "7"]
[EventCountry "GER"]
[SourceTitle "EXT 2010"]
[Source "ChessBase"]
[SourceDate "2010.11.25"]
[SourceVersion "1"]
[SourceVersionDate "2010.11.25"]
[SourceQuality "1"]
[WhiteTeam "Leipzig Lindenau (W)"]
[BlackTeam "Zeulenroda (W)"]
[WhiteTeamCountry "GER"]
[BlackTeamCountry "GER"]

1. d4 f5 2. Nf3 Nf6 3. e3 g6 4. Bd3 Bg7 5. Nbd2 0-0 6. e4 fxe4 7. Nxe4 Nxe4 8. Bxe4 d5 9. Bd3 Nc6 10. c3 e5 11. dxe5 Nxe5 12. Be2 Bg4 13. Nxe5 Bxe2 14. Qxe2 Bxe5 15. 0-0 Qd6 16. h3 Rae8 17. Qg4 Bh2+ 18. Kh1 Rxf2 19. Bh6 Rxf1+ 20. Rxf1 Be5 21. Qf3 Kh8 22. Qf7 Rg8 23. Rd1 Qf6 24. Qxf6+ Bxf6 25. Rxd5 Rd8 26. Rxd8+ Bxd8 27. Bf4 Kg8 28. Kg1 Kf7 29. Kf2 Ke6 30. Ke3 c6 31. Ke4 Bf6 32. Be3 a6 33. a4 b5 34. axb5 axb5 35. Bd4 Bg5 36. b3 Bd2 37. c4 bxc4 38. bxc4 Bg5 39. g3 1/2-1/2

[Event "BL2 Ost 0708 (Women)"]
[Site "Germany"]
[Date "2008.03.15"]
[Round "6.4"]
[White "Koeditz, Katja"]
[Black "Sikorska, Dorota"]
[Result "0-1"]
[WhiteElo "1751"]
[BlackElo "1931"]
[PlyCount "66"]
[EventDate "2007.11.10"]
[EventType "team-tourn"]
[EventRounds "7"]
[EventCountry "GER"]
[SourceTitle "EXT 2009"]
[Source "ChessBase"]
[SourceDate "2008.11.26"]
[SourceVersion "1"]
[SourceVersionDate "2008.11.26"]
[SourceQuality "1"]
[WhiteTeam "Leipzig Lindenau (W)"]
[BlackTeam "Guben (W)"]
[WhiteTeamCountry "GER"]
[BlackTeamCountry "GER"]

1. d4 Nf6 2. Nf3 g6 3. e3 Bg7 4. Bd3 d6 5. e4 Nbd7 6. h3 e5 7. c3 0-0 8. Be3 d5 9. Nbd2 dxe4 10. Nxe4 Nxe4 11. Bxe4 exd4 12. Nxd4 Nf6 13. Bf3 Nd5 14. Bxd5 Qxd5 15. 0-0 b6 16. Nf3 Qb5 17. Qc1 Bb7 18. Nd4 Qd5 19. Nf3 Qh5 20. Nh2 Qd5 21. Nf3 Rad8 22. Bh6 Qh5 23. Bxg7 Kxg7 24. Ne1 Qe2 25. Nc2 Qe4 26. Ne3 Rd3 27. Rd1 Rxe3 28. f3 Qe6 29. Qd2 Re2 30. Qd4+ Kg8 31. c4 Bxf3 32. gxf3 Qxh3 33. Qg4 Qh2+ 0-1

[Event "BL2 Gr02 0506 (Women)"]
[Site "Germany"]
[Date "2006.03.05"]
[Round "7.3"]
[White "Koeditz, Katja"]
[Black "Spiel, Marianne"]
[Result "1/2-1/2"]
[WhiteElo "1704"]
[BlackElo "1813"]
[PlyCount "95"]
[EventDate "2005.10.29"]
[EventType "team-tourn"]
[EventRounds "7"]
[EventCountry "GER"]
[SourceTitle "EXT 2007"]
[Source "ChessBase"]
[SourceDate "2006.11.23"]
[SourceVersion "1"]
[SourceVersionDate "2006.11.23"]
[SourceQuality "1"]
[WhiteTeam "Leipzig Lindenau"]
[BlackTeam "Bayern Muenchen"]
[WhiteTeamCountry "GER"]
[BlackTeamCountry "GER"]

1. d4 e6 2. Nf3 Nf6 3. Bg5 d5 4. e3 Bd6 5. Bd3 Nbd7 6. Nbd2 c5 7. c3 0-0 8. 0-0 Re8 9. e4 cxd4 10. Nxd4 Nc5 11. Bc2 Ncxe4 12. Nxe4 dxe4 13. Bxe4 Bxh2+ 14. Kh1 e5 15. Nb5 Qxd1 16. Raxd1 Nxe4 17. Nc7 Bf5 18. Be3 Bf4 19. Bxa7 f6 20. Bb6 Red8 21. Nxa8 Rxa8 22. Rd8+ Rxd8 23. Bxd8 Kf7 24. Bb6 Nd2 25. Rd1 Nc4 26. Bc7 Nxb2 27. Rd8 Nc4 28. Kg1 Bd2 29. Ba5 Ke7 30. Rd5 Be4 31. Bb4+ Ke6 32. Rd8 Bh6 33. f3 Bc6 34. Rc8 Ne3 35. Kf2 Nd5 36. Rd8 Be3+ 37. Ke2 Bb5+ 38. Ke1 Nxb4 39. cxb4 Bd4 40. Rc8 Bb6 41. Rb8 Bc6 42. a4 Bc7 43. Rg8 Kf7 44. Rc8 Bd6 45. b5 Bd5 46. Ke2 Ke7 47. Rc1 e4 48. fxe4 1/2-1/2

[Event "GER-chT U20 Girls"]
[Site "Naunhof"]
[Date "2005.12.29"]
[Round "6.3"]
[White "Koeditz, Katja"]
[Black "Erben, Larissa"]
[Result "1-0"]
[WhiteElo "1704"]
[BlackElo "1764"]
[PlyCount "103"]
[EventDate "2005.12.27"]
[EventType "team-swiss"]
[EventRounds "7"]
[EventCountry "GER"]
[SourceTitle "CBM 110 Extra"]
[Source "ChessBase"]
[SourceDate "2006.03.10"]
[SourceVersion "2"]
[SourceVersionDate "2006.03.10"]
[SourceQuality "1"]

1. d4 Nf6 2. Nf3 e6 3. Bg5 c5 4. e3 b6 5. Bd3 Bb7 6. Nbd2 Be7 7. c3 Nc6 8. Qc2 Rc8 9. a3 h6 10. Bh4 0-0 11. 0-0 cxd4 12. exd4 Re8 13. Nc4 d6 14. Rfe1 b5 15. Ne3 a6 16. Qd2 Kh8 17. Bg3 Na5 18. Qe2 Nd5 19. Nxd5 Bxd5 20. Be4 Bc4 21. Bd3 Qb6 22. Qe3 Rc7 23. Bc2 Bd5 24. Bf4 Bf8 25. Ng5 f5 26. Bxf5 Qc6 27. Be4 Nc4 28. Bxd5 Qxd5 29. Qe4 Qxe4 30. Nxe4 Rf7 31. Bc1 e5 32. Ng3 g5 33. a4 Rfe7 34. dxe5 Nxe5 35. Be3 Nd3 36. Re2 b4 37. cxb4 Nxb4 38. Rae1 Nc2 39. Rxc2 Kg8 40. Rc6 Rb7 41. Rb1 a5 42. Ra6 Re5 43. Bb6 Bg7 44. Bd4 Rd5 45. Bxg7 Kxg7 46. Ne4 Rxb2 47. Rc1 Rc2 48. Rf1 Rc4 49. Nxd6 Rxa4 50. g3 Ra2 51. Rb1 Kg6 52. Ne4+ 1-0

[Event "GER-chT U20 Girls"]
[Site "Naunhof"]
[Date "2005.12.27"]
[Round "2.3"]
[White "Koeditz, Katja"]
[Black "Reinsdorf, Christin"]
[Result "1-0"]
[WhiteElo "1704"]
[BlackElo "1420"]
[PlyCount "83"]
[EventDate "2005.12.27"]
[EventType "team-swiss"]
[EventRounds "7"]
[EventCountry "GER"]
[SourceTitle "CBM 110 Extra"]
[Source "ChessBase"]
[SourceDate "2006.03.10"]
[SourceVersion "2"]
[SourceVersionDate "2006.03.10"]
[SourceQuality "1"]

1. d4 d5 2. Nf3 Nf6 3. Bg5 Nc6 4. e3 Ne4 5. Bh4 g6 6. c3 Bg7 7. Bd3 Nf6 8. Qc2 0-0 9. Nbd2 a6 10. Bxf6 Bxf6 11. h4 Kg7 12. h5 Rg8 13. 0-0-0 e5 14. dxe5 Nxe5 15. Nxe5 Bxe5 16. Nf3 Bf6 17. Rh2 Be6 18. Rdh1 Qe8 19. hxg6 hxg6 20. Qb3 d4 21. Rh7+ Kf8 22. Qb4+ Qe7 23. Qxb7 Qd8 24. Qb4+ Qe7 25. Qxe7+ Kxe7 26. Nxd4 Bxa2 27. Nc6+ Kd6 28. Nb4 Be6 29. Rd1 Ke7 30. Nxa6 Be5 31. Nc5 Ra1+ 32. Kc2 Rxd1 33. Kxd1 Bd5 34. e4 Bc6 35. Bc4 Rf8 36. Nd3 Bf6 37. e5 Bg5 38. f4 Bxg2 39. fxg5 c6 40. Nf4 Bf3+ 41. Ke1 Be4 42. e6 1-0

[Event "BL2 Gr02 0506 (Women)"]
[Site "Germany"]
[Date "2005.11.20"]
[Round "4.3"]
[White "Beltz, Martina"]
[Black "Koeditz, Katja"]
[Result "1-0"]
[WhiteElo "1963"]
[BlackElo "1704"]
[PlyCount "61"]
[EventDate "2005.10.29"]
[EventType "team-tourn"]
[EventRounds "7"]
[EventCountry "GER"]
[SourceTitle "EXT 2007"]
[Source "ChessBase"]
[SourceDate "2006.11.23"]
[SourceVersion "1"]
[SourceVersionDate "2006.11.23"]
[SourceQuality "1"]
[WhiteTeam "Leipzig Gohlis"]
[BlackTeam "Leipzig Lindenau"]
[WhiteTeamCountry "GER"]
[BlackTeamCountry "GER"]

1. d4 Nf6 2. b3 g6 3. Bb2 d5 4. e3 Bg7 5. Bd3 Nc6 6. a3 0-0 7. Nd2 Be6 8. f4 Qd7 9. Ngf3 Bf5 10. 0-0 Ne4 11. Rc1 Qe6 12. c4 Ng3 13. Re1 Bxd3 14. hxg3 dxc4 15. bxc4 Qg4 16. Qb3 Bf5 17. Kf2 Rad8 18. Rh1 Bc8 19. Bc3 Qf5 20. d5 Nb8 21. e4 Qd7 22. Bxg7 Kxg7 23. Qc3+ f6 24. Ng5 Rh8 25. Ne6+ Kf7 26. e5 Rde8 27. Ne4 Na6 28. exf6 exf6 29. Nxf6 Qd6 30. Nxe8 Bxe6 31. Nxd6+ 1-0

[Event "BL2 Gr02 0506 (Women)"]
[Site "Germany"]
[Date "2005.11.19"]
[Round "3.4"]
[White "Schmuck, Katrin"]
[Black "Koeditz, Katja"]
[Result "1-0"]
[WhiteElo "1766"]
[BlackElo "1704"]
[PlyCount "169"]
[EventDate "2005.10.29"]
[EventType "team-tourn"]
[EventRounds "7"]
[EventCountry "GER"]
[SourceTitle "EXT 2007"]
[Source "ChessBase"]
[SourceDate "2006.11.23"]
[SourceVersion "1"]
[SourceVersionDate "2006.11.23"]
[SourceQuality "1"]
[WhiteTeam "Erfurt Medizin"]
[BlackTeam "Leipzig Lindenau"]
[WhiteTeamCountry "GER"]
[BlackTeamCountry "GER"]

1. e4 Nf6 2. Nc3 d5 3. exd5 Nxd5 4. g3 e5 5. Bg2 Be6 6. Nf3 Nc6 7. 0-0 f6 8. d4 Bb4 9. Nxd5 Bxd5 10. c3 Bd6 11. dxe5 Bxe5 12. Nxe5 Bxg2 13. Qh5+ g6 14. Nxg6 Bxf1 15. Nxh8+ Kd7 16. Qd5+ Kc8 17. Qxd8+ Kxd8 18. Kxf1 Ke7 19. Bf4 Rc8 20. Rd1 Nd8 21. Re1+ Ne6 22. Bh6 Rxh8 23. f4 Kf7 24. f5 Nc5 25. b3 Rd8 26. Bf4 Rd3 27. c4 c6 28. Re2 Rd1+ 29. Kg2 Rd3 30. Be3 Ne4 31. Bxa7 Nc3 32. Rc2 Ne4 33. Bb6 Nd6 34. g4 Ne4 35. Bc7 Ng5 36. Bf4 Nf3 37. Bg3 Nd4 38. Rf2 Re3 39. Rd2 Re4 40. h3 Re2+ 41. Rxe2 Nxe2 42. b4 Nc3 43. a3 Na4 44. c5 Nb2 45. Bf4 Nc4 46. Bc1 Ne5 47. a4 Nd3 48. Ba3 Ne1+ 49. Kg3 Nc2 50. Bb2 Nxb4 51. h4 h6 52. Bc1 Kg7 53. Be3 Nd5 54. Bd4 Ne7 55. Kf3 h5 56. Kf4 Nd5+ 57. Kg3 Ne7 58. Kh3 hxg4+ 59. Kxg4 Nd5 60. h5 Kh6 61. a5 Kg7 62. Bf2 Nb4 63. Bg3 Nd3 64. Bd6 Nc1 65. Bc7 Nb3 66. Bb6 Nd4 67. Bd8 Nb3 68. Be7 Nxa5 69. h6+ Kxh6 70. Bxf6 Nb3 71. Be7 Kg7 72. f6+ Kf7 73. Kf5 Nd4+ 74. Kf4 Nb5 75. Ke5 Nc7 76. Kd6 Nd5 77. Bd8 Nxf6 78. Bxf6 Kxf6 79. Kc7 Ke7 80. Kxb7 Kd7 81. Kb6 Kd8 82. Kxc6 Kc8 83. Kd6 Kd8 84. c6 Kc8 85. c7 1-0

[Event "GER-chT U20 Girls"]
[Site "Pori"]
[Date "2004.12.29"]
[Round "5.2"]
[White "Koeditz, Katja"]
[Black "Weise, Lisa"]
[Result "1-0"]
[WhiteElo "1716"]
[BlackElo "1548"]
[PlyCount "79"]
[EventDate "2004.12.27"]
[EventType "team-tourn"]
[EventRounds "7"]
[EventCountry "GER"]
[SourceTitle "EXT 2006"]
[Source "ChessBase"]
[SourceDate "2005.11.24"]
[SourceVersion "1"]
[SourceVersionDate "2005.11.24"]
[SourceQuality "1"]

1. d4 Nf6 2. Nf3 d6 3. Bg5 Nbd7 4. e3 e6 5. Bd3 Be7 6. c3 c5 7. Nbd2 a6 8. 0-0 d5 9. Re1 0-0 10. e4 dxe4 11. Nxe4 Nxe4 12. Bxe7 Qxe7 13. Bxe4 Nf6 14. Bc2 b6 15. Ne5 Bb7 16. Bb3 Rad8 17. Nxf7 Rxf7 18. Bxe6 Kh8 19. Bxf7 Qxf7 20. Re3 cxd4 21. cxd4 Qg6 22. Rg3 Qe4 23. Qd3 Rxd4 24. Qxe4 Nxe4 25. Re1 h6 26. Rg6 Nf6 27. Rg3 Rd7 28. Rge3 Bd5 29. a3 Kg8 30. Rc3 Kf7 31. f3 Ne8 32. Rd3 Nf6 33. Rde3 Bc4 34. Rc3 Bd5 35. Kf2 b5 36. Rec1 Re7 37. Re3 Rxe3 38. Kxe3 Bc4 39. Kd4 Bf1 40. Rxf1 1-0

[Event "GER-chT U20 Girls"]
[Site "Pori"]
[Date "2004.12.27"]
[Round "1.2"]
[White "Koeditz, Katja"]
[Black "Rath, Alina"]
[Result "1-0"]
[WhiteElo "1716"]
[BlackElo "1781"]
[PlyCount "111"]
[EventDate "2004.12.27"]
[EventType "team-tourn"]
[EventRounds "7"]
[EventCountry "GER"]
[SourceTitle "EXT 2006"]
[Source "ChessBase"]
[SourceDate "2005.11.24"]
[SourceVersion "1"]
[SourceVersionDate "2005.11.24"]
[SourceQuality "1"]

1. d4 d5 2. Nf3 c6 3. c3 Bf5 4. Bf4 e6 5. e3 Bd6 6. Bxd6 Qxd6 7. Bd3 Bg4 8. Nbd2 Nd7 9. Qc2 Ngf6 10. h3 Bh5 11. g4 Bg6 12. Bxg6 hxg6 13. 0-0-0 0-0-0 14. Qa4 Kb8 15. Kb1 b5 16. Qb3 Nb6 17. Ne5 Rhf8 18. Rc1 Kc7 19. Qc2 a5 20. g5 Nfd7 21. Nxd7 Kxd7 22. Nb3 Ra8 23. Nc5+ Kc7 24. e4 dxe4 25. Qxe4 Nc4 26. Rcd1 Qd5 27. Qxd5 cxd5 28. h4 Rh8 29. Rd3 Kd6 30. Kc2 Ke7 31. Rdh3 Rh5 32. Nd3 Rah8 33. Nf4 R5h7 34. Ng2 Nd6 35. Kb3 Ne4 36. Re1 Nxg5 37. Rhe3 Ne4 38. f3 Nd6 39. Re5 Nf5 40. Rxd5 Rb8 41. Re4 Rhh8 42. Rde5 Nd6 43. Re1 Rh5 44. Rxh5 gxh5 45. Nf4 Nf5 46. d5 Rb6 47. dxe6 Rxe6 48. Nxe6 fxe6 49. Re4 Kd6 50. a4 bxa4+ 51. Kxa4 Kd5 52. c4+ Kd6 53. Kxa5 Ne7 54. b4 Nc6+ 55. Kb5 e5 56. f4 1-0

[Event "GER-chT2 (Women) 0405"]
[Site "Germany"]
[Date "2004.11.07"]
[Round "2"]
[White "Uhlendorf, Kristina"]
[Black "Koeditz, Katja"]
[Result "1-0"]
[WhiteElo "2074"]
[BlackElo "1679"]
[PlyCount "73"]
[EventDate "2004.11.06"]
[EventType "team-tourn"]
[EventRounds "9"]
[EventCountry "GER"]
[SourceTitle "EXT 2006"]
[Source "ChessBase"]
[SourceDate "2005.11.24"]
[SourceVersion "1"]
[SourceVersionDate "2005.11.24"]
[SourceQuality "1"]

1. Nf3 d5 2. g3 Nf6 3. Bg2 Bg4 4. Ne5 Bh5 5. d4 e6 6. 0-0 h6 7. c4 c6 8. Nc3 Bd6 9. Qb3 Qc8 10. Bf4 g5 11. Nxf7 Bxf4 12. Nxh8 Bd6 13. c5 Be7 14. Qc2 Na6 15. a3 Qc7 16. Ng6 0-0-0 17. b4 Rg8 18. Ne5 Nd7 19. b5 Naxc5 20. bxc6 bxc6 21. Nxc6 Qxc6 22. dxc5 Bxc5 23. Rac1 Bxa3 24. Nb5 Qxc2 25. Rxc2+ Bc5 26. Nxa7+ Kd8 27. Rfc1 Rg7 28. Nc6+ Kc7 29. Nd4 Kd6 30. Rxc5 Nxc5 31. Rxc5 Rb7 32. Rc6+ Ke5 33. e3 Rb1+ 34. Bf1 Bg4 35. Kg2 Rb8 36. h3 Bf5 37. g4 1-0

[Event "GER-chT U20 Girls"]
[Site "Ditzingen"]
[Date "2003.12.30"]
[Round "7.2"]
[White "Rath, Alina"]
[Black "Koeditz, Katja"]
[Result "1/2-1/2"]
[WhiteElo "1724"]
[BlackElo "1566"]
[PlyCount "56"]
[EventDate "2003.12.27"]
[EventType "team-swiss"]
[EventRounds "7"]
[EventCountry "GER"]
[SourceTitle "EXT 2022"]
[Source "ChessBase"]
[SourceDate "2021.10.06"]
[SourceVersion "1"]
[SourceVersionDate "2021.10.06"]
[SourceQuality "1"]
[WhiteTeam "Koenig Tegel U20 Girls"]
[BlackTeam "Leipzig Lindenau U20 Girls"]
[WhiteTeamCountry "GER"]
[BlackTeamCountry "GER"]

1. c4 Nf6 2. d4 g6 3. Nc3 Bg7 4. Nf3 d6 5. Bf4 0-0 6. e3 Re8 7. Be2 Nbd7 8. 0-0 b6 9. Qd2 Bb7 10. Rfe1 e5 11. dxe5 dxe5 12. Bg5 Qc8 13. Rad1 Nc5 14. Bh4 Qe6 15. b4 Nce4 16. Nxe4 Nxe4 17. Qc2 Qg4 18. Bg3 Nxg3 19. hxg3 e4 20. Nd4 Qg5 21. Nb5 Re7 22. Rd2 Be5 23. Red1 a6 24. Nc3 Bxg3 25. fxg3 Qxe3+ 26. Kh2 Qh6+ 27. Kg1 Qe3+ 28. Kh2 Qh6+ 1/2-1/2

[Event "GER-chT U20 Girls"]
[Site "Ditzingen"]
[Date "2003.12.29"]
[Round "5.2"]
[White "Mueller, Silvana"]
[Black "Koeditz, Katja"]
[Result "1/2-1/2"]
[WhiteElo "1418"]
[BlackElo "1566"]
[PlyCount "118"]
[EventDate "2003.12.27"]
[EventType "team-swiss"]
[EventRounds "7"]
[EventCountry "GER"]
[SourceTitle "EXT 2022"]
[Source "ChessBase"]
[SourceDate "2021.10.06"]
[SourceVersion "1"]
[SourceVersionDate "2021.10.06"]
[SourceQuality "1"]
[WhiteTeam "Delitzsch ESV U20 Girls"]
[BlackTeam "Leipzig Lindenau U20 Girls"]
[WhiteTeamCountry "GER"]
[BlackTeamCountry "GER"]

1. e4 Nf6 2. Nc3 d5 3. exd5 Nxd5 4. Bc4 Nf6 5. d3 Nc6 6. Bg5 e6 7. Qd2 Bd7 8. h3 Bb4 9. Nge2 h6 10. Be3 Ne5 11. Bb3 Bc6 12. Rg1 Bxg2 13. Qc1 Nf3+ 14. Kd1 Nxg1 15. Nxg1 Bc6 16. Bd2 Qd4 17. Nce2 Bxd2 18. Nxd4 Bxc1 19. Rxc1 Bd7 20. Ngf3 0-0-0 21. Ne2 Be8 22. Ke1 g5 23. Ng3 Nd5 24. Bxd5 Rxd5 25. Ne4 Bc6 26. Nc3 Rd6 27. Ne5 Be8 28. Kd2 h5 29. Rg1 Rg8 30. f4 g4 31. Ne4 Ra6 32. Nf6 Rf8 33. Nxe8 Rxe8 34. hxg4 f6 35. Nc4 hxg4 36. Rxg4 Rxa2 37. b3 b5 38. Ne3 Ra1 39. f5 exf5 40. Nxf5 Rf1 41. Nd4 a6 42. Rg7 Kb7 43. Rf7 Re5 44. Kc3 Kb6 45. b4 Rf4 46. Nb3 Rh5 47. Nc5 Rxb4 48. Kxb4 Rxc5 49. Rxf6+ Rc6 50. Rxc6+ Kxc6 51. Ka5 Kb7 52. c4 bxc4 53. dxc4 c5 54. Ka4 Kb6 55. Kb3 Kc6 56. Ka4 Kb6 57. Kb3 a5 58. Ka4 Ka6 59. Ka3 Ka7 1/2-1/2

[Event "GER-chT U20 Girls"]
[Site "Ditzingen"]
[Date "2003.12.27"]
[Round "1.2"]
[White "Koeditz, Katja"]
[Black "Peschke, Susanne"]
[Result "0-1"]
[WhiteElo "1566"]
[BlackElo "1626"]
[PlyCount "82"]
[EventDate "2003.12.27"]
[EventType "team-swiss"]
[EventRounds "7"]
[EventCountry "GER"]
[SourceTitle "EXT 2022"]
[Source "ChessBase"]
[SourceDate "2021.10.06"]
[SourceVersion "1"]
[SourceVersionDate "2021.10.06"]
[SourceQuality "1"]
[WhiteTeam "Leipzig Lindenau U20 Girls"]
[BlackTeam "Hamburger SK U20 Girls"]
[WhiteTeamCountry "GER"]
[BlackTeamCountry "GER"]

1. d4 Nf6 2. Nf3 g6 3. Bg5 Bg7 4. e3 d5 5. Bd3 0-0 6. Nbd2 Nbd7 7. 0-0 b6 8. c3 c5 9. Re1 Bb7 10. Nf1 Re8 11. Bb5 a6 12. Ba4 b5 13. Bc2 Nh5 14. Bh4 Qb6 15. Ng3 Nhf6 16. Ne2 Rad8 17. Nf4 e5 18. dxe5 Nxe5 19. Nxe5 Rxe5 20. Bg3 Re7 21. a4 Red7 22. a5 Qc6 23. f3 d4 24. cxd4 cxd4 25. e4 Qc5 26. e5 d3+ 27. Bf2 Qxc2 28. exf6 Bxf6 29. Bb6 Bd4+ 30. Bxd4 Rxd4 31. Nh3 Rb4 32. Re7 Qc5+ 33. Nf2 Qxe7 34. Qd2 Rbd4 35. Ng4 Bc8 36. Re1 Qd6 37. Nf2 Qb4 38. Qe3 d2 39. Rd1 Bf5 40. Qe5 Bc2 41. Ng4 Rxg4 0-1

[Event "GER-ch U18 Girls"]
[Site "Willingen"]
[Date "2003.06.14"]
[Round "9"]
[White "Lunz, Pia"]
[Black "Koeditz, Katja"]
[Result "1/2-1/2"]
[WhiteElo "1593"]
[BlackElo "1681"]
[PlyCount "54"]
[EventDate "2003.06.08"]
[EventType "swiss"]
[EventRounds "9"]
[EventCountry "GER"]
[SourceTitle "CBM 094 Extra"]
[Source "ChessBase"]
[SourceDate "2003.07.09"]
[SourceVersion "2"]
[SourceVersionDate "2003.07.09"]
[SourceQuality "1"]

1. d4 Nf6 2. c4 g6 3. Nc3 Bg7 4. e4 d6 5. Nf3 0-0 6. Be2 e5 7. d5 Na6 8. Be3 Nd7 9. Nd2 f5 10. f3 f4 11. Bf2 Nf6 12. 0-0 g5 13. h3 Bd7 14. a3 Nh5 15. b4 Qc8 16. Kh2 Rf6 17. Rh1 Rg6 18. Nb3 b6 19. c5 bxc5 20. bxc5 c6 21. dxc6 Bxc6 22. cxd6 Bf8 23. Qd3 Nb8 24. Bc5 Bd7 25. Qd5+ Be6 26. Qxa8 Ng3 27. Rhb1 Rh6 1/2-1/2

[Event "GER-ch U18 Girls"]
[Site "Willingen"]
[Date "2003.06.13"]
[Round "8"]
[White "Koeditz, Katja"]
[Black "Zabarska, Natalia"]
[Result "0-1"]
[WhiteElo "1681"]
[BlackElo "1663"]
[PlyCount "94"]
[EventDate "2003.06.08"]
[EventType "swiss"]
[EventRounds "9"]
[EventCountry "GER"]
[SourceTitle "CBM 094 Extra"]
[Source "ChessBase"]
[SourceDate "2003.07.09"]
[SourceVersion "2"]
[SourceVersionDate "2003.07.09"]
[SourceQuality "1"]

1. Nf3 f5 2. e4 fxe4 3. Ng5 Nf6 4. d3 e3 5. Bxe3 d5 6. Be2 e5 7. 0-0 Be7 8. f4 exf4 9. Bxf4 0-0 10. d4 c5 11. dxc5 Bxc5+ 12. Kh1 h6 13. Nf3 Ng4 14. Nd4 Qh4 15. Bg3 Qg5 16. Rxf8+ Kxf8 17. Nf3 Qd8 18. Nc3 Ne3 19. Qd2 Bf5 20. Bd3 Bg4 21. Ne5 Be6 22. Ng6+ Kg8 23. Nb5 Na6 24. a3 Qe8 25. Nc3 d4 26. Ne2 Bd5 27. Nef4 Bc6 28. Re1 Nc7 29. Bc4+ Kh7 30. Bd3 Kg8 31. Bf2 Qd7 32. Ne5 Qd6 33. Bxe3 Qxe5 34. Bf2 Qg5 35. Bg3 Nd5 36. Bc4 Kh8 37. Qc1 Ne3 38. Bd3 Re8 39. Ng6+ Kg8 40. Nf4 Be4 41. Qd2 Bd6 42. Bxe4 Rxe4 43. Ne2 Rh4 44. Kg1 Rxh2 45. Qxd4 Rxg2+ 46. Kh1 Bxg3 47. Nxg3 Rxg3 0-1

[Event "GER-ch U18 Girls"]
[Site "Willingen"]
[Date "2003.06.10"]
[Round "6"]
[White "Wald, Elena"]
[Black "Koeditz, Katja"]
[Result "1/2-1/2"]
[WhiteElo "1507"]
[BlackElo "1681"]
[PlyCount "90"]
[EventDate "2003.06.08"]
[EventType "swiss"]
[EventRounds "9"]
[EventCountry "GER"]
[SourceTitle "CBM 094 Extra"]
[Source "ChessBase"]
[SourceDate "2003.07.09"]
[SourceVersion "2"]
[SourceVersionDate "2003.07.09"]
[SourceQuality "1"]

1. d4 Nf6 2. Nf3 g6 3. e3 Bg7 4. Bd3 0-0 5. 0-0 d6 6. Nbd2 Nbd7 7. c3 Re8 8. e4 e5 9. Qb3 Nb6 10. Ng5 d5 11. dxe5 Rxe5 12. f4 Re8 13. e5 Nfd7 14. Qd1 Nxe5 15. fxe5 Qxg5 16. Nf3 Qe7 17. Bf4 c6 18. Re1 Be6 19. Nd4 Nd7 20. Qd2 Nc5 21. Bg5 Qd7 22. Bf6 Nxd3 23. Qxd3 c5 24. Nf3 Bf5 25. Qd2 Rac8 26. Rad1 Be6 27. Qf2 b6 28. Qh4 Bg4 29. Bxg7 Kxg7 30. Qf6+ Kg8 31. Qd6 Qxd6 32. exd6 Rxe1+ 33. Rxe1 Rd8 34. Re7 Rxd6 35. Rxa7 Bxf3 36. gxf3 Kg7 37. Kf2 Kf6 38. Ke3 h5 39. b4 c4 40. a4 Ke6 41. Kd4 g5 42. h3 f6 43. Rh7 h4 44. Ra7 Kf5 45. a5 bxa5 1/2-1/2

[Event "GER-chT U20 Girls"]
[Site "Meppen"]
[Date "2002.12.29"]
[Round "5.2"]
[White "Kesselring, Sandra"]
[Black "Koeditz, Katja"]
[Result "0-1"]
[WhiteElo "1040"]
[BlackElo "1504"]
[PlyCount "92"]
[EventDate "2002.12.27"]
[EventType "team-tourn"]
[EventRounds "7"]
[EventCountry "GER"]
[SourceTitle "CBM 092 Extra"]
[Source "ChessBase"]
[SourceDate "2003.03.07"]
[SourceVersion "1"]
[SourceVersionDate "2003.03.07"]
[SourceQuality "1"]

1. e4 Nf6 2. Nc3 d5 3. exd5 Nxd5 4. Nf3 Bg4 5. Be2 e6 6. Nxd5 Qxd5 7. d4 Nc6 8. c3 Bd6 9. 0-0 Ne7 10. Ne5 Bxe2 11. Qxe2 0-0 12. Re1 Nf5 13. Qg4 c5 14. Nf3 cxd4 15. Nxd4 Nxd4 16. Qxd4 Qxd4 17. cxd4 Rac8 18. Be3 Rc2 19. Rab1 a6 20. Rec1 Rfc8 21. Rxc2 Rxc2 22. h3 Kf8 23. Kf1 Bb4 24. a3 Ba5 25. b4 Bb6 26. Ke1 Ke7 27. g4 Kd6 28. Rc1 Rxc1+ 29. Bxc1 Bxd4 30. a4 Kd5 31. Ke2 Kc4 32. Bd2 Bc3 33. Bxc3 Kxc3 34. b5 axb5 35. axb5 Kc4 36. b6 Kc5 37. Kd3 Kxb6 38. Kc4 Kc6 39. f4 b5+ 40. Kb4 Kd5 41. Kxb5 Ke4 42. Kc5 Kxf4 43. Kd6 Kg3 44. Ke7 Kxh3 45. Kxf7 Kxg4 46. Kxe6 h5 0-1

[Event "GER-chT U20 Girls"]
[Site "Meppen"]
[Date "2002.12.29"]
[Round "6.2"]
[White "Koeditz, Katja"]
[Black "Herkt, Julia"]
[Result "1/2-1/2"]
[WhiteElo "1504"]
[BlackElo "1571"]
[PlyCount "81"]
[EventDate "2002.12.27"]
[EventType "team-tourn"]
[EventRounds "7"]
[EventCountry "GER"]
[SourceTitle "CBM 092 Extra"]
[Source "ChessBase"]
[SourceDate "2003.03.07"]
[SourceVersion "1"]
[SourceVersionDate "2003.03.07"]
[SourceQuality "1"]

1. d4 d5 2. Nf3 e6 3. e3 f5 4. Bd3 Nf6 5. Nbd2 Bd6 6. c4 c6 7. Qc2 Nbd7 8. h3 Ne4 9. b3 0-0 10. Bb2 Ndf6 11. 0-0-0 Nxf2 12. Rhg1 Nxd1 13. Kxd1 Ne4 14. c5 Bg3 15. Nf1 Qc7 16. Qe2 Nf2+ 17. Kc2 Nxd3 18. Qxd3 Bd7 19. Qe2 h6 20. Bc3 Be8 21. Nxg3 Qxg3 22. Be1 Qc7 23. Ne5 b6 24. Bg3 bxc5 25. dxc5 Qa5 26. Kb2 Qxc5 27. h4 d4 28. Nd3 Qc3+ 29. Kb1 dxe3 30. Be5 Qd2 31. Qxd2 exd2 32. Kc2 Rc8 33. Kxd2 Bf7 34. g4 g6 35. Nf4 Kh7 36. gxf5 exf5 37. Nh5 g5 38. Nf6+ Kg6 39. h5+ Kg7 40. Nd7+ Kh7 41. Nf6+ 1/2-1/2